000 00711nam a2200217 i 4500
001 bg
100 1 _aFIC, Sławomir
245 0 _aDoświadczalne i teoretyczne podstawy obróbki elektromechanicznej /
_cSławomir Fic.
260 _aWarszawa :
_bWydawnictwa PW,
_c1983.
300 _a165 s. :
_brys., wykr. ;
_c24 cm.
490 1 _aPrace Naukowe / Politechnika Warszawska. Mechanika,
_x0137-2335 ;
_vz. 77
500 _aOpis wg. okł.
504 _aBibliogr. s. 124-129.
710 _aPOLITECHNIKA WARSZAWSKA (Warszawa)
830 0 _aPrace Naukowe (Politechnika Warszawska).
_pMechanika
040 _cBPK
041 _apol
080 _a621.7
942 _cKS
008 s pl f |000 0 pol
999 _c22452
_d22452
856 _uhttp://koha.tu.koszalin.pl/cgi-bin/koha/opac-detail.pl?biblionumber=22452
_yKatalog online BPK